000 00471nam a22001811a 4500
020 _c0.00
040 _aSSUS - Library - Kalady
082 _aM2
_bRAM/K
100 _aRaman Pillai C V
245 _aKuruppillakkalari
_h[Text]
260 _aKottayam
_bSahitya Pravartaka Co-operative Society
_c1984
300 _a142p.
600 _aLiterature
600 _aLiterature Malayalam
600 _aDrama Malayalam
852 _910.00
_r
942 _cBK
999 _c24898
_d24898